000 00311nam a22001337a 4500
008 171020b xxu||||| |||| 00| 0 eng d
020 _a0256087059
041 _aeng
080 _23RD
_a338
100 _a54
101 _aMEN
245 _aCORPORATE INFORMATION SYSTEMS MANAGEMENT
_cCASH,J,I
942 _2udc
_cBK
999 _c35095
_d35095